Catálogo
 En Linea

Fundación premio nacional de la juventud. (Registro nro. 49354)

Detalles MARC
000 -CABECERA
campo de control de longitud fija 00719nam a22002537a 4500
003 - IDENTIFICADOR DEL NÚMERO DE CONTROL
campo de control OSt
005 - FECHA Y HORA DE LA ÚLTIMA TRANSACCIÓN
campo de control 20210203102852.0
007 - CAMPO FIJO DE DESCRIPCIÓN FÍSICA--INFORMACIÓN GENERAL
campo de control de longitud fija ta
008 - DATOS DE LONGITUD FIJA--INFORMACIÓN GENERAL
campo de control de longitud fija 210203q1999 dr ac||jd||||o00| 0 spa d
040 ## - FUENTE DE LA CATALOGACIÓN
Centro catalogador/agencia de origen DO-SdBNP
Lengua de catalogación spa
Centro/agencia transcriptor BNPHU
041 ## - CÓDIGO DE LENGUA
Código de lengua original spa
082 ## - NÚMERO DE LA CLASIFICACIÓN DECIMAL DEWEY
Número de clasificación BNPHU-xxx
Número de documento/Ítem F981p
245 10 - MENCIÓN DE TÍTULO
Título Fundación premio nacional de la juventud.
260 ## - PUBLICACIÓN, DISTRIBUCIÓN, ETC.
Lugar de publicación, distribución, etc. Santo Domingo :
Nombre del editor, distribuidor, etc. Promoción a la juventud ,
Fecha de publicación, distribución, etc. [¿1999?]
300 ## - DESCRIPCIÓN FÍSICA
Extensión [44 pg.]
Otras características físicas il., fotos ;
Dimensiones 20 cm
505 0# - NOTA DE CONTENIDO CON FORMATO
Nota de contenido con formato El premio y su fundación.
505 0# - NOTA DE CONTENIDO CON FORMATO
Nota de contenido con formato Presentación.
505 0# - NOTA DE CONTENIDO CON FORMATO
Nota de contenido con formato Porqué una fundación.
505 0# - NOTA DE CONTENIDO CON FORMATO
Nota de contenido con formato Bien organizado desde sus inicios.
505 0# - NOTA DE CONTENIDO CON FORMATO
Nota de contenido con formato Primer premio.
505 0# - NOTA DE CONTENIDO CON FORMATO
Nota de contenido con formato Segundo premio.
505 0# - NOTA DE CONTENIDO CON FORMATO
Nota de contenido con formato Tercer premio.
942 ## - ELEMENTOS DE PUNTO DE ACCESO ADICIONAL (KOHA)
Fuente del sistema de clasificación o colocación Dewey Decimal Classification
Tipo de ítem Koha Folleto
Existencias
Estado de retiro Estado de pérdida Fuente del sistema de clasificación o colocación No para préstamo Código de colección Localización permanente Ubicación/localización actual Ubicación en estantería Fecha de adquisición Fuente de adquisición Total de préstamos Signatura topográfica completa Código de barras Fecha visto por última vez Precio válido a partir de Tipo de ítem Koha
    Dewey Decimal Classification Excluido de préstamo Patrimonio Dominicano Biblioteca Nacional Pedro Henríquez Ureña Biblioteca Nacional Pedro Henríquez Ureña Depósito 03.02.2014 Donado por Manuel Ortíz   BNPHU-xxx F981p 2021-0141 03.02.2021 03.02.2021 Libro y Folleto Colección Patrimonio Dominicano

Con tecnología Koha